Normal view
MARC view
- Petroleum industry and trade
Entry Topical Term
001 - CONTROL NUMBER
- control field: 41477
003 - CONTROL NUMBER IDENTIFIER
- control field: OSt
005 - DATE AND TIME OF LATEST TRANSACTION
- control field: 20161012121259.0
008 - FIXED-LENGTH DATA ELEMENTS
- fixed length control field: 161012|| aca||babn | a|a d
040 ## - CATALOGING SOURCE
- Original cataloging agency: OSt
150 ## - HEADING--TOPICAL TERM
- Topical term or geographic name as entry element: Petroleum industry and trade
- General subdivision: Political aspects
- Geographic subdivision: Middle East
- General subdivision: History
- Chronological subdivision: 20th century